| 000 | 00669nam a22001937a 4500 | ||
|---|---|---|---|
| 005 | 20251108165027.0 | ||
| 008 | 250721s1985 xx 000 0 ara d | ||
| 082 | 1 | 4 | _a541.38/جوي |
| 100 | 1 | _aجوين، | |
| 245 | 1 | 0 |
_aالكيمياء النووية : _bالنظرية و التطبيق / |
| 264 | 1 |
_aالموصل : _bوزارة التعليم العالي و البحث العلمي - جامعة الموصل، _c1985. |
|
| 300 | _a2ج | ||
| 650 | 1 | 7 | _aالكيمياء النووية |
| 650 | 1 | 7 | _aالكيمياء |
| 700 | 1 |
_aسلومي، عصام جرجيس _eترجمة |
|
| 700 | 1 | _aداود، زهور فتحي | |
| 942 |
_2ddc _cBK |
||
| 999 |
_c20252 _d20252 |
||